Freiheit statt Strafe: Plädoyers für die Abschaffung der Gefängnisse - Anstöße machbarer Alternativen

Guardado en:  
Detalles Bibliográficos
Otros Autores: Ortner, Helmut 1950- (Otro) ; Maelicke, Bernd 1941- (Otro)
Tipo de documento: Print Libro
Lenguaje:Alemán
Publicado: Tübingen AS-Verlag 1986
En:Año: 1986
Edición:2., überarb., aktualisierte und erw. Aufl.
Availability in Albert-Krebs Library:PP.00.001
1996-952
Verificar disponibilidad: HBZ Gateway
Servicio de pedido Subito: Pedir ahora.
Palabras clave:

MARC

LEADER 00000cam a2200000 c 4500
001 021499438
003 DE-627
005 20260206194100.0
007 tu
008 870112s1986 gw ||||| 00| ||ger c
015 |a 87,A37,0449  |2 dnb 
016 7 |a 861055918  |2 DE-101 
020 |a 3887730356  |9 3-88773-035-6 
035 |a (DE-627)021499438 
035 |a (DE-603)004692608 
035 |a (DE-576)9021499436 
035 |a (DE-599)GBV021499438 
035 |a (OCoLC)230842677 
035 |a (OCoLC)68548998 
040 |a DE-627  |b ger  |c DE-627  |e rakwb 
041 |a ger 
044 |c XA-DE 
084 |a 19  |a 14  |a 16  |2 sdnb 
084 |a 19  |a 14  |2 sdnb 
084 |a 2,1  |2 ssgn 
084 |a PH 9120  |2 rvk  |0 (DE-625)rvk/136533: 
084 |a PH 5250  |2 rvk  |0 (DE-625)rvk/136194: 
084 |a 86.37  |2 bkl 
245 0 0 |a Freiheit statt Strafe  |b Plädoyers für die Abschaffung der Gefängnisse - Anstöße machbarer Alternativen  |c hrsg. von Helmut Ortner. Mit Texten von: Bernd Maelicke ... 
250 |a 2., überarb., aktualisierte und erw. Aufl. 
264 1 |a Tübingen  |b AS-Verlag  |c 1986 
300 |a 247 S.  |c 20 cm 
336 |a Text  |b txt  |2 rdacontent 
337 |a ohne Hilfsmittel zu benutzen  |b n  |2 rdamedia 
338 |a Band  |b nc  |2 rdacarrier 
500 |a 1. Aufl. im Fischer-Taschenbuch-Verl., Frankfurt/Main 
650 0 7 |0 (DE-588)4057808-2  |0 (DE-627)106149415  |0 (DE-576)20912377X  |a Strafvollzug  |2 gnd 
650 0 7 |0 (DE-588)4115716-3  |0 (DE-627)10581220X  |0 (DE-576)209495499  |a Reform  |2 gnd 
650 0 7 |0 (DE-588)4018332-4  |0 (DE-627)104222239  |0 (DE-576)208923853  |a Freiheitsstrafe  |2 gnd 
650 0 7 |0 (DE-588)4138905-0  |0 (DE-627)105639214  |0 (DE-576)209689943  |a Alternative  |2 gnd 
650 4 |a Abolitionismus  |7 (dpeaa)DE-2619 
650 4 |a Strafvollzug  |x Kritik  |7 (dpeaa)DE-2619 
650 4 |a Freiheitsstrafe  |x Alternative  |7 (dpeaa)DE-2619 
650 4 |a Ambulante Sanktionen  |7 (dpeaa)DE-2619 
655 7 |a Aufsatzsammlung  |0 (DE-588)4143413-4  |0 (DE-627)105605727  |0 (DE-576)209726091  |2 gnd-content 
689 0 0 |d s  |0 (DE-588)4057808-2  |0 (DE-627)106149415  |0 (DE-576)20912377X  |a Strafvollzug  |2 gnd 
689 0 |5 (DE-627) 
700 1 |a Ortner, Helmut  |d 1950-  |0 (DE-588)121098338  |0 (DE-627)081085354  |0 (DE-576)162449291  |4 oth 
700 1 |a Maelicke, Bernd  |d 1941-  |0 (DE-588)128722061  |0 (DE-627)37831551X  |0 (DE-576)162094841  |4 oth 
935 |a mkri 
936 r v |a PH 9120  |b Strafe; Todesstrafe; Freiheitsstrafe; Geldstrafe; Leibesstrafe; Deportation; Vermögensstrafe; Häftlingsberichte  |k Rechtswissenschaft  |k Strafrecht, Strafverfahrensrecht, Kriminologie  |k Kriminologie  |k Pönologie; Kriminalpädagogik; Sanktionenforschung  |k Strafe; Todesstrafe; Freiheitsstrafe; Geldstrafe; Leibesstrafe; Deportation; Vermögensstrafe; Häftlingsberichte  |0 (DE-627)1272127125  |0 (DE-625)rvk/136533:  |0 (DE-576)202127125 
936 r v |a PH 5250  |b Gefängniswesen, Straf-/Justizvollzugsanstalten allgemeine  |k Rechtswissenschaft  |k Strafrecht, Strafverfahrensrecht, Kriminologie  |k Strafvollzug  |k Gefängniswesen, Straf-/Justizvollzugsanstalten allgemeine  |0 (DE-627)1271675005  |0 (DE-625)rvk/136194:  |0 (DE-576)201675005 
936 b k |a 86.37  |j Strafvollzug  |0 (DE-627)106413546 
936 s n |a p100  |2 mzub 
936 s n |a m200  |2 mzub 
951 |a BO 
ELC |b 1 
LOK |0 000 xxxxxcx a22 zn 4500 
LOK |0 001 419623139X 
LOK |0 003 DE-627 
LOK |0 004 021499438 
LOK |0 005 20221011150009 
LOK |0 008 221011||||||||||||||||ger||||||| 
LOK |0 035   |a (DE-2619)k00226 
LOK |0 040   |a DE-2619  |c DE-627  |d DE-2619 
LOK |0 092   |o n 
LOK |0 541   |e Bestand Albert-Krebs-Bibliothek: 1996-952 
LOK |0 852   |a DE-2619 
LOK |0 852 1  |c PP.00.001  |m p  |9 00 
LOK |0 935   |a kreb 
LOK |0 938   |k p 
LOK |0 939   |a 11-10-22  |b l01 
ORI |a SA-MARC-krimdoka001.raw